[Event "European Online Club-ch-A 2021"]
[Site "Online"]
[Date "2021.03.27"]
[Round "3.8"]
[White "Naiditsch, Arkadij"]
[Black "Costachi, Mihnea"]
[Result "1/2-1/2"]
[WhiteElo "2649"]
[BlackElo "2471"]
[Annotator "RC"]
[PlyCount "128"]
[EventDate "2021.03.27"]
[EventType "team-tourn"]
[EventCountry "NET"]
[SourceTitle "playchess.com"]
[Source "ChessBase"]
[SourceQuality "1"]
[TimeControl "900+5"]

1. e4 {[%emt 0:00:00]} e5 {[%emt 0:00:05]} 2. Nf3 {[%emt 0:00:03]} Nc6 {[%emt 0:00:40]} 3. Nc3 {[%emt 0:00:04]} Nf6 {[%emt 0:00:02]} 4. Bb5 {[%emt 0:00:02]} Nd4 {[%emt 0:00:03]} 5. O-O {[%emt 0:00:05]} Bc5 {[%emt 0:00:10]} 6. Nxe5 {[%emt 0:00:21]} O-O {[%emt 0:00:15]} 7. Nd3 {[%emt 0:01:19]} Bb6 {[%emt 0:00:41]} 8. e5 {[%emt 0:00:12]} Nxb5 {[%emt 0:00:09]} 9. Nxb5 {[%emt 0:00:09]} Nd5 {[%emt 0:00:29]} 10. c4 {[%emt 0:00:18]} a6 {[%emt 0:00:23]} 11. Nc3 {[%emt 0:01:05]} Nxc3 {[%emt 0:00:17]} 12. bxc3 {[%emt 0:00:10]} d6 {[%emt 0:00:13]} 13. Ba3 {[%emt 0:00:05]} Bf5 {[%emt 0:00:17]} 14. Nf4 {[%emt 0:01:54]} Re8 {[%emt 0:00:35]} 15. exd6 {[%emt 0:00:08]} cxd6 {[%emt 0:00:19]} 16. d4 {[%emt 0:00:37]} Rc8 {[%emt 0:00:48]} 17. Qb3 {[%emt 0:00:21]} Ba5 {[%emt 0:00:14]} 18. Rfe1 {[%emt 0:00:18]} b5 {[%emt 0:01:48]} 19. c5 {[%emt 0:01:45]} Qg5 {[%emt 0:02:02]} 20. g3 {[%emt 0:00:31]} dxc5 {[%emt 0:00:03]} 21. Bxc5 {[%emt 0:00:22]} Bc7 {[%emt 0:00:04]} 22. Nd5 {[%emt 0:01:19]} Bc2 {[%emt 0:04:09]} 23. Ne7+ {[%emt 0:02:01]} Rxe7 {[%emt 0:01:33]} 24. Bxe7 {[%emt 0:00:05]} Qf5 {[%emt 0:00:01]} 25. Qa3 {[%emt 0:00:03]} Be4 {[%emt 0:00:11]} 26. Qc5 {[%emt 0:02:48]} Qf3 {[%emt 0:00:24]} 27. Rxe4 {[%emt 0:00:07]} Qxe4 {[%emt 0:00:01]} 28. Bd6 {[%emt 0:00:40]} Qb7 {[%emt 0:00:17]} 29. Re1 {[%emt 0:00:09]} Ba5 {[%emt 0:00:37]} 30. Qa3 {[%emt 0:00:03]} Qb6 {[%emt 0:00:23]} 31. Bc5 {[%emt 0:00:13]} Qd8 {[%emt 0:00:02]} 32. Re7 {[%emt 0:00:07]} Bb6 {[%emt 0:00:20]} 33. Qb3 {[%emt 0:00:05]} Qf8 {[%emt 0:00:02]} 34. Ba3 {[%emt 0:00:07]} Ba5 {[%emt 0:00:07]} 35. Ra7 {[%emt 0:00:06]} Qe8 {[%emt 0:00:02]} 36. Re7 {[%emt 0:00:01]} Qf8 {[%emt 0:00:01]} 37. Qd5 {[%emt 0:00:06]} b4 {[%emt 0:00:09]} 38. Rb7 {[%emt 0:00:09]} bxa3 {[%emt 0:00:05]} 39. Qxa5 {[%emt 0:00:01]} Qd6 {[%emt 0:00:05]} 40. Rb3 {[%emt 0:00:07]} Qe6 {[%emt 0:00:05]} 41. Rb1 {[%emt 0:00:05]} Qxa2 {[%emt 0:00:04]} 42. Rf1 {[%emt 0:00:05]} Qb2 {[%emt 0:00:09]} 43. Qxa6 {[%emt 0:00:09]} Qxc3 {[%emt 0:00:01]} 44. d5 {[%emt 0:00:01]} Rd8 {[%emt 0:00:07]} 45. Qb6 {[%emt 0:00:11]} Ra8 {[%emt 0:00:07]} 46. Qb7 {[%emt 0:00:04]} Rd8 {[%emt 0:00:02]} 47. Qe7 {[%emt 0:00:05]} Qc8 {[%emt 0:00:07]} 48. Qxa3 {[%emt 0:00:06]} Rxd5 {[%emt 0:00:02]} 49. h4 {[%emt 0:00:01]} h5 {[%emt 0:00:02]} 50. Re1 {[%emt 0:00:02]} Rd8 {[%emt 0:00:06]} 51. Qe7 {[%emt 0:00:04]} Qd7 {[%emt 0:00:04]} 52. Qg5 {[%emt 0:00:07]} g6 {[%emt 0:00:01]} 53. Qe3 {[%emt 0:00:06]} Qf5 {[%emt 0:00:03]} 54. Kg2 {[%emt 0:00:05]} Qd5+ {[%emt 0:00:02]} 55. Qe4 {[%emt 0:00:05]} Qxe4+ {[%emt 0:00:02]} 56. Rxe4 {[%emt 0:00:00]} Kg7 {[%emt 0:00:01]} 57. Ra4 {[%emt 0:00:02]} Kf6 {[%emt 0:00:01]} 58. Ra6+ {[%emt 0:00:03]} Kg7 {[%emt 0:00:02]} 59. Ra7 {[%emt 0:00:01]} Rd3 {[%emt 0:00:02]} 60. Ra6 {[%emt 0:00:03]} Rb3 {[%emt 0:00:01]} 61. Ra7 {[%emt 0:00:02]} Rc3 {[%emt 0:00:02]} 62. Ra6 {[%emt 0:00:02]} Rb3 {[%emt 0:00:01]} 63. Ra7 {[%emt 0:00:02]} Rc3 {[%emt 0:00:01]} 64. Ra6 {[%emt 0:00:03]} Rb3 {[%emt 0:00:02]} 1/2-1/2

[Event "European Online Club-ch-A 2021"]
[Site "Online"]
[Date "2021.03.27"]
[Round "3.9"]
[White "Hera, Imre Jr."]
[Black "Finek, Vaclav"]
[Result "1-0"]
[WhiteElo "2610"]
[BlackElo "2361"]
[Annotator "ChessBase"]
[PlyCount "89"]
[EventDate "2021.03.27"]
[EventType "team-tourn"]
[EventCountry "NET"]
[SourceTitle "playchess.com"]
[Source "ChessBase"]
[SourceQuality "1"]
[TimeControl "900+5"]

1. Nf3 {[%emt 0:00:00]} Nf6 {[%emt 0:00:06]} 2. g3 {[%emt 0:00:03]} g6 {[%emt 0:00:02]} 3. b3 {[%emt 0:00:03]} Bg7 {[%emt 0:00:14]} 4. Bb2 {[%emt 0:00:02]} O-O {[%emt 0:00:04]} 5. Bg2 {[%emt 0:00:04]} d6 {[%emt 0:00:03]} 6. c4 {[%emt 0:00:07]} c6 {[%emt 0:00:04]} 7. O-O {[%emt 0:00:03]} Bg4 {[%emt 0:00:25]} 8. d4 {[%emt 0:00:14]} Nbd7 {[%emt 0:00:06]} 9. Nbd2 {[%emt 0:00:08]} Qc7 {[%emt 0:01:45]} 10. h3 {[%emt 0:00:46]} Bxf3 {[%emt 0:00:09]} 11. Nxf3 {[%emt 0:00:04]} Rfe8 {[%emt 0:00:07]} 12. Qc2 {[%emt 0:00:49]} Rad8 {[%emt 0:00:27]} 13. e4 {[%emt 0:01:00]} e5 {[%emt 0:00:21]} 14. Rfe1 {[%emt 0:00:15]} h6 {[%emt 0:00:30]} 15. Rad1 {[%emt 0:02:10]} Nh7 {[%emt 0:01:25]} 16. h4 {[%emt 0:00:09]} h5 {[%emt 0:01:18]} 17. b4 {[%emt 0:00:31]} a5 {[%emt 0:01:21]} 18. a3 {[%emt 0:00:11]} axb4 {[%emt 0:00:21]} 19. axb4 {[%emt 0:00:03]} Ra8 {[%emt 0:00:32]} 20. Bh3 {[%emt 0:01:12]} Ndf6 {[%emt 0:00:35]} 21. c5 {[%emt 0:00:28]} dxc5 {[%emt 0:01:15]} 22. dxc5 {[%emt 0:00:33]} Ng4 {[%emt 0:00:40]} 23. Nd2 {[%emt 0:00:06]} Nf8 {[%emt 0:00:17]} 24. Nc4 {[%emt 0:00:10]} Ne6 {[%emt 0:00:39]} 25. Bxg4 {[%emt 0:00:48]} hxg4 {[%emt 0:00:06]} 26. Qe2 {[%emt 0:00:01]} Nd4 {[%emt 0:00:27]} 27. Bxd4 {[%emt 0:00:10]} exd4 {[%emt 0:00:03]} 28. Qxg4 {[%emt 0:00:02]} Ra4 {[%emt 0:00:18]} 29. Nd6 {[%emt 0:01:38]} Re6 {[%emt 0:00:44]} 30. Rb1 {[%emt 0:01:33]} b5 {[%emt 0:00:55]} 31. f4 {[%emt 0:00:22]} d3 {[%emt 0:00:44]} 32. e5 {[%emt 0:00:12]} Ra3 {[%emt 0:00:50]} 33. Rbd1 {[%emt 0:00:39]} Rb3 {[%emt 0:00:06]} 34. h5 {[%emt 0:00:44]} Qe7 {[%emt 0:00:37]} 35. Qf3 {[%emt 0:00:14]} Qc7 {[%emt 0:00:09]} 36. Rxd3 {[%emt 0:00:03]} Rxb4 {[%emt 0:00:02]} 37. hxg6 {[%emt 0:00:08]} Rxg6 {[%emt 0:00:06]} 38. f5 {[%emt 0:00:29]} Rg5 {[%emt 0:00:02]} 39. f6 {[%emt 0:00:03]} Bf8 {[%emt 0:00:04]} 40. Re4 {[%emt 0:00:33]} Rxe4 {[%emt 0:00:13]} 41. Qxe4 {[%emt 0:00:01]} Qa7 {[%emt 0:00:02]} 42. Qe3 {[%emt 0:00:10]} Rg6 {[%emt 0:00:04]} 43. Ra3 {[%emt 0:00:18]} Qd7 {[%emt 0:00:05]} 44. Qf3 {[%emt 0:00:28]} Rg5 {[%emt 0:00:05]} 45. Re3 {[%emt 0:00:23]} 1-0

[Event "European Online Club-ch-A 2021"]
[Site "Online"]
[Date "2021.03.27"]
[Round "3.10"]
[White "Hrbek, Stepan"]
[Black "Nemeth, Miklos"]
[Result "1-0"]
[WhiteElo "2230"]
[BlackElo "2488"]
[Annotator "ChessBase"]
[PlyCount "61"]
[EventDate "2021.03.27"]
[EventType "team-tourn"]
[EventCountry "NET"]
[SourceTitle "playchess.com"]
[Source "ChessBase"]
[SourceQuality "1"]
[TimeControl "900+5"]

1. c4 {[%emt 0:00:00]} e5 {[%emt 0:00:08]} 2. Nc3 {[%emt 0:00:03]} Nf6 {[%emt 0:00:02]} 3. Nf3 {[%emt 0:00:03]} Nc6 {[%emt 0:00:02]} 4. e3 {[%emt 0:00:01]} Bb4 {[%emt 0:00:10]} 5. Qc2 {[%emt 0:00:02]} O-O {[%emt 0:00:36]} 6. Nd5 {[%emt 0:00:01]} Re8 {[%emt 0:02:23]} 7. Qf5 {[%emt 0:00:03]} d6 {[%emt 0:00:50]} 8. Nxf6+ {[%emt 0:00:03]} Qxf6 {[%emt 0:00:02]} 9. Qxf6 {[%emt 0:00:01]} gxf6 {[%emt 0:00:02]} 10. a3 {[%emt 0:00:01]} Ba5 {[%emt 0:00:03]} 11. b4 {[%emt 0:00:01]} Bb6 {[%emt 0:00:01]} 12. Bb2 {[%emt 0:00:24]} a5 {[%emt 0:00:05]} 13. b5 {[%emt 0:00:03]} Ne7 {[%emt 0:00:22]} 14. O-O-O {[%emt 0:00:47]} a4 {[%emt 0:00:12]} 15. d4 {[%emt 0:00:19]} c6 {[%emt 0:00:04]} 16. c5 {[%emt 0:00:57]} dxc5 {[%emt 0:00:04]} 17. dxe5 {[%emt 0:00:02]} fxe5 {[%emt 0:00:09]} 18. Nxe5 {[%emt 0:00:19]} Be6 {[%emt 0:00:21]} 19. Bc4 {[%emt 0:00:54]} Ng6 {[%emt 0:00:58]} 20. Nd7 {[%emt 0:01:55]} Bxd7 {[%emt 0:03:25]} 21. Rxd7 {[%emt 0:00:05]} Re7 {[%emt 0:00:01]} 22. Rhd1 {[%emt 0:00:23]} cxb5 {[%emt 0:00:12]} 23. Bxb5 {[%emt 0:00:02]} Kf8 {[%emt 0:01:22]} 24. Rxe7 {[%emt 0:02:09]} Nxe7 {[%emt 0:00:03]} 25. Rd7 {[%emt 0:00:02]} c4 {[%emt 0:00:20]} 26. Rxb7 {[%emt 0:00:38]} Ba5 {[%emt 0:01:14]} 27. Bd4 {[%emt 0:00:54]} Ng6 {[%emt 0:01:36]} 28. Kb2 {[%emt 0:02:39]} Rc8 {[%emt 0:00:45]} 29. Bd7 {[%emt 0:00:35]} c3+ {[%emt 0:00:49]} 30. Kc2 {[%emt 0:00:06]} Ra8 {[%emt 0:00:15]} 31. Bxa4 {[%emt 0:00:49]} 1-0

[Event "European Online Club-ch-A 2021"]
[Site "Online"]
[Date "2021.03.27"]
[Round "3.11"]
[White "Kovacs, Gabor"]
[Black "Nemec, Jachym"]
[Result "1-0"]
[WhiteElo "2455"]
[BlackElo "2229"]
[Annotator "ChessBase"]
[PlyCount "79"]
[EventDate "2021.03.27"]
[EventType "team-tourn"]
[EventCountry "NET"]
[SourceTitle "playchess.com"]
[Source "ChessBase"]
[SourceQuality "1"]
[TimeControl "900+5"]

1. d4 {[%emt 0:00:00]} Nf6 {[%emt 0:00:06]} 2. Nf3 {[%emt 0:00:03]} g6 {[%emt 0:00:03]} 3. Bf4 {[%emt 0:00:03]} Bg7 {[%emt 0:00:02]} 4. e3 {[%emt 0:00:04]} d5 {[%emt 0:00:03]} 5. Be2 {[%emt 0:00:07]} O-O {[%emt 0:00:02]} 6. h3 {[%emt 0:00:04]} c5 {[%emt 0:00:03]} 7. c3 {[%emt 0:00:03]} Nc6 {[%emt 0:00:02]} 8. O-O {[%emt 0:00:09]} Nd7 {[%emt 0:00:08]} 9. Nbd2 {[%emt 0:00:11]} e5 {[%emt 0:00:04]} 10. dxe5 {[%emt 0:00:02]} Ndxe5 {[%emt 0:00:01]} 11. Qb3 {[%emt 0:00:27]} Be6 {[%emt 0:00:45]} 12. Nxe5 {[%emt 0:00:26]} Nxe5 {[%emt 0:00:04]} 13. Qxb7 {[%emt 0:00:02]} Rb8 {[%emt 0:00:10]} 14. Qxa7 {[%emt 0:00:07]} Rxb2 {[%emt 0:00:04]} 15. Rfd1 {[%emt 0:00:05]} Qa8 {[%emt 0:01:27]} 16. Qxa8 {[%emt 0:01:18]} Rxa8 {[%emt 0:00:02]} 17. a4 {[%emt 0:00:02]} Nc6 {[%emt 0:00:09]} 18. Bb5 {[%emt 0:00:07]} Na5 {[%emt 0:00:11]} 19. Ra3 {[%emt 0:00:48]} c4 {[%emt 0:01:58]} 20. Nf3 {[%emt 0:00:32]} Nb3 {[%emt 0:00:19]} 21. Nd4 {[%emt 0:01:22]} Bf8 {[%emt 0:00:20]} 22. Nxb3 {[%emt 0:00:21]} Bxa3 {[%emt 0:00:04]} 23. Nd4 {[%emt 0:00:03]} Bc5 {[%emt 0:00:18]} 24. Be5 {[%emt 0:00:05]} Kf8 {[%emt 0:01:13]} 25. g4 {[%emt 0:00:53]} h6 {[%emt 0:00:20]} 26. Kg2 {[%emt 0:00:15]} Ra7 {[%emt 0:01:03]} 27. Nc6 {[%emt 0:00:37]} Ra8 {[%emt 0:00:08]} 28. Nd4 {[%emt 0:00:03]} Rc8 {[%emt 0:00:52]} 29. Kg3 {[%emt 0:00:12]} Bxd4 {[%emt 0:00:39]} 30. Bxd4 {[%emt 0:00:22]} Ke7 {[%emt 0:00:03]} 31. h4 {[%emt 0:01:22]} Bd7 {[%emt 0:00:59]} 32. Bxd7 {[%emt 0:00:17]} Kxd7 {[%emt 0:00:03]} 33. Bg7 {[%emt 0:00:00]} Ke6 {[%emt 0:00:11]} 34. Bxh6 {[%emt 0:00:15]} Ra8 {[%emt 0:00:07]} 35. Bg7 {[%emt 0:00:14]} f6 {[%emt 0:01:27]} 36. h5 {[%emt 0:00:04]} Kf7 {[%emt 0:00:04]} 37. h6 {[%emt 0:00:05]} Ra5 {[%emt 0:00:08]} 38. g5 {[%emt 0:00:15]} fxg5 {[%emt 0:00:14]} 39. Rh1 {[%emt 0:00:08]} Ra8 {[%emt 0:00:38]} 40. Bd4 {[%emt 0:00:05]} 1-0

[Event "European Online Club-ch-A 2021"]
[Site "Online"]
[Date "2021.03.27"]
[Round "3.12"]
[White "Smolik, Jachym"]
[Black "Csonka, Attila Istvan"]
[Result "0-1"]
[WhiteElo "2073"]
[BlackElo "2362"]
[Annotator "NA"]
[PlyCount "138"]
[EventDate "2021.03.27"]
[EventType "team-tourn"]
[EventCountry "NET"]
[SourceTitle "playchess.com"]
[Source "ChessBase"]
[SourceQuality "1"]
[TimeControl "900+5"]

1. d4 {[%emt 0:00:00]} Nf6 {[%emt 0:00:03]} 2. Nf3 {[%emt 0:00:03]} e6 {[%emt 0:00:05]} 3. e3 {[%emt 0:00:02]} b6 {[%emt 0:00:06]} 4. Bd3 {[%emt 0:00:02]} Bb7 {[%emt 0:00:03]} 5. O-O {[%emt 0:00:02]} c5 {[%emt 0:00:07]} 6. b3 {[%emt 0:00:02]} Be7 {[%emt 0:00:05]} 7. Bb2 {[%emt 0:00:03]} O-O {[%emt 0:00:02]} 8. Nbd2 {[%emt 0:00:04]} d5 {[%emt 0:00:02]} 9. Ne5 {[%emt 0:00:09]} Nbd7 {[%emt 0:00:06]} 10. f4 {[%emt 0:00:05]} Ne4 {[%emt 0:00:14]} 11. Bxe4 {[%emt 0:00:45]} dxe4 {[%emt 0:00:03]} 12. Qe2 {[%emt 0:01:02]} f5 {[%emt 0:01:23]} 13. Rfd1 {[%emt 0:00:35]} Nxe5 {[%emt 0:01:18]} 14. dxe5 {[%emt 0:00:06]} Qc7 {[%emt 0:00:10]} 15. c4 {[%emt 0:00:21]} Rad8 {[%emt 0:00:05]} 16. Nf1 {[%emt 0:01:09]} Rd3 {[%emt 0:00:06]} 17. Rxd3 {[%emt 0:00:24]} exd3 {[%emt 0:00:03]} 18. Qxd3 {[%emt 0:00:01]} Rd8 {[%emt 0:00:02]} 19. Qe2 {[%emt 0:00:05]} Qd7 {[%emt 0:00:03]} 20. Bc3 {[%emt 0:00:25]} g6 {[%emt 0:00:48]} 21. Rc1 {[%emt 0:00:40]} Kf7 {[%emt 0:00:09]} 22. Rc2 {[%emt 0:00:22]} Be4 {[%emt 0:01:07]} 23. Rd2 {[%emt 0:00:06]} Qc7 {[%emt 0:01:26]} 24. Ng3 {[%emt 0:00:51]} Rxd2 {[%emt 0:00:53]} 25. Qxd2 {[%emt 0:00:05]} Bb7 {[%emt 0:00:52]} 26. Nf1 {[%emt 0:01:25]} Qc6 {[%emt 0:00:11]} 27. Qc2 {[%emt 0:00:24]} Bh4 {[%emt 0:00:12]} 28. h3 {[%emt 0:01:06]} a6 {[%emt 0:00:19]} 29. Nh2 {[%emt 0:00:55]} h6 {[%emt 0:00:42]} 30. Nf3 {[%emt 0:00:12]} Be7 {[%emt 0:00:03]} 31. Be1 {[%emt 0:00:45]} g5 {[%emt 0:00:35]} 32. Bg3 {[%emt 0:00:57]} b5 {[%emt 0:00:28]} 33. Qe2 {[%emt 0:00:50]} b4 {[%emt 0:00:11]} 34. Nd2 {[%emt 0:00:45]} Kg6 {[%emt 0:00:07]} 35. Qf3 {[%emt 0:00:46]} Qd7 {[%emt 0:00:10]} 36. Qe2 {[%emt 0:00:02]} a5 {[%emt 0:01:28]} 37. Kf1 {[%emt 0:01:01]} Bc6 {[%emt 0:00:20]} 38. Bf2 {[%emt 0:00:28]} Qb7 {[%emt 0:00:13]} 39. Bg1 {[%emt 0:00:17]} a4 {[%emt 0:00:40]} 40. g4 {[%emt 0:00:27]} axb3 {[%emt 0:00:12]} 41. axb3 {[%emt 0:00:02]} Qa8 {[%emt 0:00:12]} 42. gxf5+ {[%emt 0:00:15]} exf5 {[%emt 0:00:03]} 43. Kf2 {[%emt 0:00:14]} gxf4 {[%emt 0:00:26]} 44. exf4 {[%emt 0:00:03]} Bh4+ {[%emt 0:00:02]} 45. Ke3 {[%emt 0:00:12]} Qa1 {[%emt 0:00:04]} 46. Nf3 {[%emt 0:00:02]} Bxf3 {[%emt 0:00:27]} 47. Kxf3 {[%emt 0:00:06]} Qxg1 {[%emt 0:00:04]} 48. Qg2+ {[%emt 0:00:04]} Qxg2+ {[%emt 0:00:02]} 49. Kxg2 {[%emt 0:00:02]} Kh5 {[%emt 0:00:27]} 50. Kf3 {[%emt 0:00:03]} Be7 {[%emt 0:00:06]} 51. Kg3 {[%emt 0:00:03]} Kg6 {[%emt 0:00:20]} 52. Kf3 {[%emt 0:00:07]} Kf7 {[%emt 0:00:02]} 53. Kg3 {[%emt 0:00:02]} Ke6 {[%emt 0:00:02]} 54. Kf3 {[%emt 0:00:13]} h5 {[%emt 0:00:02]} 55. Kg3 {[%emt 0:00:04]} h4+ {[%emt 0:00:01]} 56. Kf3 {[%emt 0:00:02]} Bf8 {[%emt 0:00:02]} 57. Ke3 {[%emt 0:00:02]} Bg7 {[%emt 0:00:01]} 58. Kf3 {[%emt 0:00:02]} Bxe5 {[%emt 0:00:01]} 59. Ke3 {[%emt 0:00:02]} Bxf4+ {[%emt 0:00:02]} 60. Kxf4 {[%emt 0:00:01]} Kf6 {[%emt 0:00:02]} 61. Kf3 {[%emt 0:00:02]} Ke5 {[%emt 0:00:01]} 62. Ke3 {[%emt 0:00:01]} f4+ {[%emt 0:00:01]} 63. Kf3 {[%emt 0:00:02]} Kf5 {[%emt 0:00:02]} 64. Kf2 {[%emt 0:00:01]} Ke4 {[%emt 0:00:01]} 65. Ke2 {[%emt 0:00:01]} f3+ {[%emt 0:00:03]} 66. Kf2 {[%emt 0:00:02]} Kf4 {[%emt 0:00:02]} 67. Kf1 {[%emt 0:00:02]} Kg3 {[%emt 0:00:02]} 68. Kg1 {[%emt 0:00:03]} Kxh3 {[%emt 0:00:01]} 69. Kf2 {[%emt 0:00:01]} Kg4 {[%emt 0:00:01]} 0-1

[Event "European Online Club-ch-A 2021"]
[Site "Online"]
[Date "2021.03.27"]
[Round "3.13"]
[White "Schmidek, Emil"]
[Black "Celik, Hasan Huseyin"]
[Result "1/2-1/2"]
[WhiteElo "2402"]
[BlackElo "2173"]
[Annotator "NA"]
[PlyCount "158"]
[EventDate "2021.03.27"]
[EventType "team-tourn"]
[EventCountry "NET"]
[SourceTitle "playchess.com"]
[Source "ChessBase"]
[SourceQuality "1"]
[TimeControl "900+5"]

1. d4 {[%emt 0:00:00]} d5 {[%emt 0:00:04]} 2. c4 {[%emt 0:00:03]} c6 {[%emt 0:00:02]} 3. Nc3 {[%emt 0:00:02]} dxc4 {[%emt 0:00:02]} 4. e4 {[%emt 0:00:03]} b5 {[%emt 0:00:02]} 5. a4 {[%emt 0:00:01]} b4 {[%emt 0:00:02]} 6. Nce2 {[%emt 0:00:01]} a5 {[%emt 0:00:16]} 7. Ng3 {[%emt 0:00:05]} Ba6 {[%emt 0:00:01]} 8. Nf3 {[%emt 0:00:02]} e6 {[%emt 0:00:02]} 9. Be3 {[%emt 0:00:27]} Nf6 {[%emt 0:00:02]} 10. Ne5 {[%emt 0:00:09]} Nbd7 {[%emt 0:01:03]} 11. Nxc4 {[%emt 0:00:15]} Be7 {[%emt 0:00:02]} 12. Rc1 {[%emt 0:00:14]} O-O {[%emt 0:00:03]} 13. Be2 {[%emt 0:00:36]} Rc8 {[%emt 0:00:12]} 14. O-O {[%emt 0:00:39]} c5 {[%emt 0:00:24]} 15. d5 {[%emt 0:00:48]} exd5 {[%emt 0:00:05]} 16. exd5 {[%emt 0:00:02]} Bxc4 {[%emt 0:00:01]} 17. Bxc4 {[%emt 0:00:03]} Ne5 {[%emt 0:00:05]} 18. Nf5 {[%emt 0:01:45]} Ne4 {[%emt 0:04:08]} 19. Ba6 {[%emt 0:06:31]} Rc7 {[%emt 0:00:58]} 20. f4 {[%emt 0:03:55]} Ng6 {[%emt 0:00:21]} 21. Re1 {[%emt 0:00:48]} Bd6 {[%emt 0:00:30]} 22. Bd3 {[%emt 0:00:12]} Nf6 {[%emt 0:00:46]} 23. Nxd6 {[%emt 0:00:03]} Qxd6 {[%emt 0:00:02]} 24. Bxg6 {[%emt 0:00:01]} hxg6 {[%emt 0:00:03]} 25. Qf3 {[%emt 0:00:11]} Rfc8 {[%emt 0:00:11]} 26. b3 {[%emt 0:00:07]} Qxd5 {[%emt 0:00:03]} 27. Qxd5 {[%emt 0:00:05]} Nxd5 {[%emt 0:00:03]} 28. Bf2 {[%emt 0:00:01]} Nxf4 {[%emt 0:00:05]} 29. Rc4 {[%emt 0:00:05]} Nd3 {[%emt 0:00:18]} 30. Re3 {[%emt 0:00:01]} Nxf2 {[%emt 0:00:06]} 31. Kxf2 {[%emt 0:00:01]} Rd7 {[%emt 0:00:01]} 32. Re5 {[%emt 0:00:02]} Rd2+ {[%emt 0:00:07]} 33. Kf1 {[%emt 0:00:03]} Rb2 {[%emt 0:00:21]} 34. Rexc5 {[%emt 0:00:04]} Rd8 {[%emt 0:00:32]} 35. Rc8 {[%emt 0:00:05]} Rxc8 {[%emt 0:00:04]} 36. Rxc8+ {[%emt 0:00:00]} Kh7 {[%emt 0:00:02]} 37. Ra8 {[%emt 0:00:02]} Rxb3 {[%emt 0:00:04]} 38. Rxa5 {[%emt 0:00:02]} Ra3 {[%emt 0:00:02]} 39. Kf2 {[%emt 0:00:16]} f5 {[%emt 0:00:06]} 40. Ra7 {[%emt 0:00:15]} g5 {[%emt 0:00:02]} 41. a5 {[%emt 0:00:02]} Kg6 {[%emt 0:00:03]} 42. Rb7 {[%emt 0:00:03]} Rxa5 {[%emt 0:00:08]} 43. Rxb4 {[%emt 0:00:02]} g4 {[%emt 0:00:02]} 44. Kg3 {[%emt 0:00:10]} Ra2 {[%emt 0:00:08]} 45. Rb7 {[%emt 0:00:14]} Kh6 {[%emt 0:00:05]} 46. Rb6+ {[%emt 0:00:03]} Kg5 {[%emt 0:00:04]} 47. h4+ {[%emt 0:00:02]} gxh3 {[%emt 0:00:01]} 48. Kxh3 {[%emt 0:00:01]} Kh5 {[%emt 0:00:12]} 49. Rb5 {[%emt 0:00:04]} g6 {[%emt 0:00:05]} 50. g4+ {[%emt 0:00:03]} Kg5 {[%emt 0:00:02]} 51. gxf5 {[%emt 0:00:01]} gxf5 {[%emt 0:00:01]} 52. Kg3 {[%emt 0:00:02]} Ra3+ {[%emt 0:00:02]} 53. Kf2 {[%emt 0:00:06]} Kg4 {[%emt 0:00:03]} 54. Rb8 {[%emt 0:00:15]} Rc3 {[%emt 0:00:10]} 55. Ra8 {[%emt 0:00:04]} Rc2+ {[%emt 0:00:02]} 56. Kf1 {[%emt 0:00:05]} Kg3 {[%emt 0:00:05]} 57. Ra3+ {[%emt 0:00:03]} Kg4 {[%emt 0:00:02]} 58. Rb3 {[%emt 0:00:02]} f4 {[%emt 0:00:01]} 59. Ra3 {[%emt 0:00:01]} Rd2 {[%emt 0:00:05]} 60. Rb3 {[%emt 0:00:04]} Ra2 {[%emt 0:00:01]} 61. Rc3 {[%emt 0:00:01]} Ra8 {[%emt 0:00:02]} 62. Kf2 {[%emt 0:00:09]} Rd8 {[%emt 0:00:02]} 63. Ra3 {[%emt 0:00:03]} Rb8 {[%emt 0:00:10]} 64. Kg2 {[%emt 0:00:06]} Rb4 {[%emt 0:00:04]} 65. Kf2 {[%emt 0:00:02]} Rb2+ {[%emt 0:00:18]} 66. Kf1 {[%emt 0:00:03]} Rc2 {[%emt 0:00:01]} 67. Rb3 {[%emt 0:00:02]} Ra2 {[%emt 0:00:02]} 68. Rc3 {[%emt 0:00:01]} Ra4 {[%emt 0:00:14]} 69. Kf2 {[%emt 0:00:04]} f3 {[%emt 0:00:02]} 70. Rc8 {[%emt 0:00:02]} Ra2+ {[%emt 0:00:02]} 71. Kf1 {[%emt 0:00:01]} Ra5 {[%emt 0:00:03]} 72. Rg8+ {[%emt 0:00:06]} Rg5 {[%emt 0:00:03]} 73. Rxg5+ {[%emt 0:00:04]} Kxg5 {[%emt 0:00:02]} 74. Kf2 {[%emt 0:00:01]} Kf4 {[%emt 0:00:01]} 75. Kf1 {[%emt 0:00:06]} Ke4 {[%emt 0:00:01]} 76. Kf2 {[%emt 0:00:02]} Kf4 {[%emt 0:00:01]} 77. Kf1 {[%emt 0:00:01]} Kg3 {[%emt 0:00:02]} 78. Kg1 {[%emt 0:00:02]} f2+ {[%emt 0:00:01]} 79. Kf1 {[%emt 0:00:01]} Kf3 {[%emt 0:00:01]} 1/2-1/2